Computer and Systems Engineering plc v John Lelliott (Ilford) Limited and another (Record no. 30207)

MARC details
000 -LEADER
fixed length control field 01687cab a2200289 4500
001 - CONTROL NUMBER
control field ABS44624
008 - FIXED-LENGTH DATA ELEMENTS--GENERAL INFORMATION
fixed length control field 090401t1991 xxu||||| |||| 00| 0 eng d
035 ## - SYSTEM CONTROL NUMBER
System control number (Sirsi) u48069
041 ## - LANGUAGE CODE
Language code of text/sound track or separate title eng
245 ## - TITLE STATEMENT
Title Computer and Systems Engineering plc v John Lelliott (Ilford) Limited and another
260 ## - PUBLICATION, DISTRIBUTION, ETC.
Date of publication, distribution, etc. 1991
350 ## - PRICE (NR) (BK AM CF MU VM SE) [OBSOLETE]
Price 0
490 ## - SERIES STATEMENT
Series statement Construction Industry Law Letter
Volume/sequential designation 1991 CILL 673-675(3)
520 ## - SUMMARY, ETC.
Summary, etc. CA 5 December 1990. A company C employed another company J to carry out alteration and fitting out works for them. The main contract was JCT 1980 Private edition without quantities . Part of the work involved installing 140 steel purlins in and the work was subcontracted to S under a similar contract. During the work a purlin fell breaking a pipe forming part of the fire protection sprinkler system . This discharged 1,600 gallons of water which seeped through the floor onto C`s property stored below causing £164,000 of damage. C claimed damages and interest from J and S. It was claimed this loss arose from a peril which under JCT 1980 clause 22C of the main contract was C`s sole risk. However the judge held that the event in question was not a clause 22 peril. S appealed, this was dismissed as the event did not constitute a ` flood ` or `bursting and overflowing` within the meaning of the clause.
650 ## - SUBJECT ADDED ENTRY--TOPICAL TERM
Topical term or geographic name entry element ALTERATIONS
650 ## - SUBJECT ADDED ENTRY--TOPICAL TERM
Topical term or geographic name entry element BUILT ENVIRONMENT-BUILDING CONTRACT FORMS
650 ## - SUBJECT ADDED ENTRY--TOPICAL TERM
Topical term or geographic name entry element BURST PIPES
650 ## - SUBJECT ADDED ENTRY--TOPICAL TERM
Topical term or geographic name entry element CASE PLC
650 ## - SUBJECT ADDED ENTRY--TOPICAL TERM
Topical term or geographic name entry element CLAIMS
650 ## - SUBJECT ADDED ENTRY--TOPICAL TERM
Topical term or geographic name entry element CLAUSE 22 PERILS
650 ## - SUBJECT ADDED ENTRY--TOPICAL TERM
Topical term or geographic name entry element FLOODING
650 ## - SUBJECT ADDED ENTRY--TOPICAL TERM
Topical term or geographic name entry element LAW CASE
650 ## - SUBJECT ADDED ENTRY--TOPICAL TERM
Topical term or geographic name entry element SUBCONTRACTORS
690 ## - LOCAL SUBJECT ADDED ENTRY--TOPICAL TERM (OCLC, RLIN)
Topical term or geographic name as entry element BUILDING AND CONSTRUCTION-CASE LAW
942 ## - ADDED ENTRY ELEMENTS (KOHA)
Suppress in OPAC 0
948 ## - LOCAL PROCESSING INFORMATION (OCLC); SERIES PART DESIGNATOR (RLIN)
c (OCLC) 04/03/1997
Holdings
Withdrawn status Lost status Source of classification or shelving scheme Damaged status Not for loan Home library Current library Shelving location Date acquired Total Checkouts Full call number Barcode Date last seen Copy number Price effective from Koha item type
    Dewey Decimal Classification     London London Journal article 14/09/1999   ABS44624 48069-1001 06/08/2019 1 06/08/2019 Law report